[Event "Suwalki op"]
[Site "Suwalki"]
[Date "2012.12.30"]
[Round "6"]
[White "Lazaravicius, Aras Jonas"]
[Black "Glowacki, Andrzej"]
[Result "0-1"]
[WhiteElo "1584"]
[BlackElo "1834"]
[PlyCount "50"]
[EventDate "2012.12.27"]
[EventType "swiss"]
[EventRounds "7"]
[EventCountry "POL"]
[SourceTitle "CBM 152 Extra"]
[Source "ChessBase"]
[SourceDate "2013.02.25"]
[SourceVersion "1"]
[SourceVersionDate "2013.02.25"]
[SourceQuality "1"]

1. Nf3 c5 2. g3 d5 3. d3 Nc6 4. Bf4 f6 5. Bg2 e5 6. Bc1 Bd6 7. 0-0 Nge7 8. c4 d4 9. Nbd2 f5 10. Ne1 0-0 11. e3 dxe3 12. fxe3 f4 13. exf4 exf4 14. gxf4 Bxf4 15. Ne4 Ng6 16. Nf3 Bg4 17. Qc2 Bxf3 18. Bxf3 Nd4 19. Qd1 Qh4 20. Bxf4 Nxf4 21. Bg4 h5 22. Rxf4 Rxf4 23. Bxh5 Raf8 24. Be2 Rf2 25. Ng3 Qxh2# 0-1

[Event "Suwalki op"]
[Site "Suwalki"]
[Date "2012.12.28"]
[Round "3"]
[White "Glowacki, Andrzej"]
[Black "Sowul, Bartosz"]
[Result "0-1"]
[WhiteElo "1834"]
[BlackElo "2180"]
[PlyCount "96"]
[EventDate "2012.12.27"]
[EventType "swiss"]
[EventRounds "7"]
[EventCountry "POL"]
[SourceTitle "CBM 152 Extra"]
[Source "ChessBase"]
[SourceDate "2013.02.25"]
[SourceVersion "1"]
[SourceVersionDate "2013.02.25"]
[SourceQuality "1"]

1. b4 c6 2. Bb2 a5 3. b5 cxb5 4. e4 b4 5. d4 d5 6. Nd2 Nc6 7. Ngf3 Bg4 8. exd5 Qxd5 9. Bc4 Bxf3 10. Qxf3 Qxf3 11. Nxf3 Nf6 12. 0-0-0 Ne4 13. Rhe1 Nd6 14. Bd3 0-0-0 15. d5 Nb8 16. Bd4 Nd7 17. Ne5 Nxe5 18. Rxe5 Kc7 19. c3 bxc3 20. Bxc3 Kd7 21. Kb1 b6 22. Re2 Rc8 23. Bd4 b5 24. Rc1 Rxc1+ 25. Kxc1 e6 26. dxe6+ fxe6 27. Bb6 Nc4 28. Bxc4 bxc4 29. Bxa5 Ba3+ 30. Kc2 Ra8 31. Bc3 Be7 32. Kd1 Bf6 33. Bxf6 gxf6 34. Rc2 Ra4 35. Kd2 Kd6 36. Kc3 Kc5 37. f4 Ra3+ 38. Kb2 Re3 39. a4 Rb3+ 40. Kc1 Ra3 41. Kd2 Rxa4 42. g4 Kd4 43. g5 fxg5 44. fxg5 Ra1 45. Ke2 c3 46. h4 Rh1 47. Kf3 Kd3 48. Re2 Rf1+ 0-1

[Event "Suwalki-ch op"]
[Site "Suwalki"]
[Date "2006.12.30"]
[Round "8"]
[White "Sowul, Bartosz"]
[Black "Glowacki, Andrzej"]
[Result "1-0"]
[WhiteElo "1965"]
[BlackElo "1800"]
[PlyCount "135"]
[EventDate "2006.12.27"]
[EventType "tourn"]
[EventRounds "9"]
[EventCountry "POL"]
[SourceTitle "EXT 2023"]
[Source "ChessBase"]
[SourceDate "2022.10.05"]
[SourceVersion "1"]
[SourceVersionDate "2022.10.05"]
[SourceQuality "1"]

1. d4 Nf6 2. c4 e5 3. dxe5 Ng4 4. Nf3 Bc5 5. e3 Nc6 6. Be2 Ngxe5 7. Nd4 d6 8. Nc3 0-0 9. Ne4 Bb6 10. Nxc6 bxc6 11. c5 Qh4 12. Qd4 Bf5 13. cxb6 Qxe4 14. Qxe4 Bxe4 15. f3 Nd3+ 16. Kd2 Nxc1 17. Rhxc1 Bd5 18. bxc7 c5 19. Ba6 Be6 20. b4 Bc8 21. Bd3 a5 22. bxc5 d5 23. Rab1 Ra7 24. Rb5 Re8 25. a4 Rxc7 26. Rxa5 Kf8 27. c6 Rd8 28. Rb5 Rd6 29. Rb6 Ke7 30. a5 Ra7 31. a6 Kd8 32. c7+ Kd7 33. Bf5+ Ke7 34. Rxd6 Bxf5 35. Rd8 Rxa6 36. c8Q Ra2+ 37. Ke1 Bxc8 38. Rdxc8 Rxg2 39. R8c2 Rg6 40. Kf2 Rb6 41. Rc5 Rb2+ 42. R1c2 Rb1 43. Rxd5 g6 44. e4 Ke6 45. Rc6+ Ke7 46. Rd2 h5 47. Ra2 Rb7 48. h4 Kd7 49. Rf6 Ke7 50. Rfa6 Kf8 51. e5 Rb4 52. R2a4 Rb5 53. R6a5 Rb2+ 54. Kg3 Rb7 55. Kf4 Kg7 56. e6 g5+ 57. Rxg5+ Kf6 58. exf7 Kxf7 59. Rxh5 Kg6 60. Rg5+ Kh6 61. Ra6+ Kh7 62. Rga5 Rf7+ 63. Kg4 Rg7+ 64. Kh5 Rg1 65. Rh6+ Kg7 66. Ra7+ Kg8 67. Rg6+ Kh8 68. Rh7+ 1-0

[Event "Suwalki-ch op"]
[Site "Suwalki"]
[Date "2006.12.29"]
[Round "7"]
[White "Glowacki, Andrzej"]
[Black "Galaszewski, Patryk"]
[Result "1-0"]
[WhiteElo "1800"]
[BlackElo "1800"]
[PlyCount "75"]
[EventDate "2006.12.27"]
[EventType "tourn"]
[EventRounds "9"]
[EventCountry "POL"]
[SourceTitle "EXT 2023"]
[Source "ChessBase"]
[SourceDate "2022.10.05"]
[SourceVersion "1"]
[SourceVersionDate "2022.10.05"]
[SourceQuality "1"]

1. e4 d5 2. exd5 Qxd5 3. Nc3 Qa5 4. d4 Nf6 5. Nf3 Bg4 6. h3 Bxf3 7. Qxf3 c6 8. Bd2 Qc7 9. 0-0-0 e6 10. g4 Nbd7 11. Bg2 Bd6 12. g5 Nd5 13. Ne4 N7b6 14. Ba5 Qd7 15. b3 Bc7 16. c4 Nf4 17. Nc5 Qc8 18. Bd2 Nxg2 19. Qxg2 Bd6 20. Ne4 Be7 21. Bf4 Nd7 22. Bd6 b5 23. c5 Nb8 24. Qg3 Qd8 25. Bxe7 Qxe7 26. Nd6+ Kd7 27. f4 g6 28. Rde1 Na6 29. f5 Nc7 30. Rhf1 Rhf8 31. f6 Qd8 32. Nb7 Qe8 33. Qd6+ Kc8 34. Na5 Nd5 35. Nxc6 a5 36. Ne7+ Nxe7 37. fxe7 Rh8 38. d5 1-0

[Event "Suwalki-ch op"]
[Site "Suwalki"]
[Date "2006.12.27"]
[Round "2"]
[White "Glowacki, Andrzej"]
[Black "Pietruszewski, Marcin"]
[Result "1/2-1/2"]
[WhiteElo "1800"]
[BlackElo "1693"]
[PlyCount "137"]
[EventDate "2006.12.27"]
[EventType "tourn"]
[EventRounds "9"]
[EventCountry "POL"]
[SourceTitle "EXT 2023"]
[Source "ChessBase"]
[SourceDate "2022.10.05"]
[SourceVersion "1"]
[SourceVersionDate "2022.10.05"]
[SourceQuality "1"]

1. e4 e6 2. d4 d5 3. Nd2 Nf6 4. e5 Nfd7 5. Ngf3 c5 6. c3 Nc6 7. Bb5 Qb6 8. Bxc6 bxc6 9. 0-0 Be7 10. Re1 cxd4 11. cxd4 c5 12. Nb3 c4 13. Nbd2 Ba6 14. Nf1 0-0 15. Ng3 Rfc8 16. Qc2 Rab8 17. Rb1 Nf8 18. h4 Qa5 19. Bg5 Bb4 20. Bd2 Bxd2 21. Qxd2 Qxd2 22. Nxd2 Ng6 23. Re3 Nxh4 24. Ra3 Rb6 25. Rc3 Rcb8 26. b3 Kf8 27. Rbc1 cxb3 28. Nxb3 Bc4 29. Nc5 Ke7 30. Ra3 a6 31. Na4 Rb1 32. Rxb1 Rxb1+ 33. Kh2 Ng6 34. Nc5 Rb2 35. Nxa6 Rxa2 36. Rxa2 Bxa2 37. Nb4 Bc4 38. Nh5 Kf8 39. g4 Ne7 40. Kg3 Nc8 41. f4 Na7 42. Kf3 Bb3 43. Ke2 Nb5 44. Nc6 Nc3+ 45. Kd2 Ne4+ 46. Ke2 Ba4 47. Nb4 f6 48. f5 exf5 49. gxf5 Be8 50. Nf4 Ng3+ 51. Kf3 Nxf5 52. exf6 Nxd4+ 53. Kf2 gxf6 54. Nbxd5 Kg7 55. Ke3 Nf5+ 56. Ke4 Bg6 57. Kf3 Bf7 58. Nc3 Nd6 59. Kg4 f5+ 60. Kg3 Ne4+ 61. Nxe4 fxe4 62. Ne2 Bg6 63. Kf4 Kf6 64. Ng3 e3 65. Kxe3 Kg5 66. Kf2 Kg4 67. Kg2 Kf4 68. Kh3 Bc2 69. Kh4 1/2-1/2